Science Quiz

Random Science or Letter Quiz
Score 0/26 Timer 05:00
5 Plays Today
Letter Answer % Correct
AAndromeda Galaxy
87.4%
FFusion
82.6%
RRelativity
81.9%
YYellow
74.8%
UUranus
73.1%
OOrion
71.3%
SSputnik
70.5%
IIron
65.8%
WWhite Dwarf
62.9%
GGanymede
54.5%
PPhobos
46.5%
EExoplanet
45.4%
NNeutron Star
45.4%
Letter Answer % Correct
MMethane
44.7%
DDark Energy
40%
TTriton
35.9%
ZZodiac
34.4%
KKuiper Belt
32.8%
XXena
31.2%
CCrab Nebula
27.2%
BBarred Spiral
16.6%
VVY Canis Majoris
7.9%
HHelix Nebula
7.8%
LLarge Magellanic Cloud
6.7%
QQuaoar
5.6%
JJewel Box
4.9%

You're not logged in!

Compare scores with friends on all Sporcle quizzes.
OR
Log In

Sporcle TV

Today on Sporcle TV


Watch our educational content, quiz creation guides, and fun videos on Sporcle TV.

Show Comments

Extras

Top Quizzes Today


Score Distribution

Paid Content

Your Account Isn't Verified!

In order to create a playlist on Sporcle, you need to verify the email address you used during registration. Go to your Sporcle Settings to finish the process.

Report this User

Report this user for behavior that violates our Community Guidelines.

Details: